| Tag |
First Indicator |
Second Indicator |
Subfields |
| LEADER |
00000cam a2200000La 4500 |
| 001 |
in00002201840 |
| 005 |
20151104085409.0 |
| 008 |
850716s1985 enka 100 0 eng d |
| 035 |
|
|
|a (OCoLC)ocm14113463
|
| 040 |
|
|
|a MNU
|c MNU
|d OCL
|d OCLCQ
|d TXA
|d UtOrBLW
|
| 043 |
|
|
|a e-uk-en
|
| 049 |
|
|
|a TXAM
|
| 090 |
|
|
|a NA971.W53
|b L58 1985
|
| 245 |
0 |
4 |
|a The living heritage of Westminster :
|b celebrating 400 years of architectural development in the City of Westminster /
|c editor, Gillian Darley in collaboration with Ian Lacey.
|
| 250 |
|
|
|a [2nd ed.].
|
| 264 |
|
1 |
|a [London?] :
|b Published jointly by Westminster City Council and Westminster Chamber of Commerce,
|c [1985?]
|
| 300 |
|
|
|a 104 pages :
|b chiefly illustrations (some color) ;
|c 30 cm.
|
| 336 |
|
|
|a text
|b txt
|2 rdacontent
|
| 337 |
|
|
|a unmediated
|b n
|2 rdamedia
|
| 338 |
|
|
|a volume
|b nc
|2 rdacarrier
|
| 500 |
|
|
|a Cushing Library copy is part of the Stephen Powys Marks London Collection.
|
| 650 |
|
0 |
|a Architecture
|z England
|z London
|x Conservation and restoration.
|
| 650 |
|
0 |
|a Historic buildings
|z England
|z London.
|
| 651 |
|
0 |
|a Westminster (London, England)
|x Buildings, structures, etc.
|
| 700 |
1 |
|
|a Darley, Gillian.
|
| 700 |
1 |
|
|a Lacey, Ian.
|
| 948 |
|
|
|a cataloged
|b h
|c 2006/11/18
|d c
|e rdavis
|f 10:00:20 am
|
| 994 |
|
|
|a C0
|b TXA
|
| 999 |
|
|
|a MARS
|
| 999 |
f |
f |
|s 0d820458-b83f-38e1-8098-de5907f7a324
|i 0e1bb93d-379a-3231-a188-cd757fc6de34
|t 0
|
| 952 |
f |
f |
|p noncirc
|a Texas A&M University
|b College Station
|c Cushing Memorial Library & Archives
|d Cushing: London (Does not check out)
|t 0
|e NA971.W53 L58 1985
|h Library of Congress classification
|i unmediated -- volume
|
| 998 |
f |
f |
|a NA971.W53 L58 1985
|t 0
|l Cushing: London (Does not check out)
|